• 首页
  • 本馆介绍
  • 公告通知
  • 最新文献
  • 馆藏检索
  • 电子资源
  • 读者导购
  • 参考咨询
  • 我的图书馆
  • 登录
  • 详细信息显示
  • 放入我的书架
  • 预约/预借图书
  • 作者相关作品
  • 分类相关作品
  • 丛书相关作品
  • 出版社相关作品

书目信息

  • 表格格式
  • 工作单格式
  • 卡片格式
题名:
少年儿童健康与安全教育
    
 
作者: 梁芳 , 黄跃华 , 徐新麟 主编
分册:  
出版信息: 镇江   江苏大学出版社  2018
页数: 366页
开本: 26cm
丛书名:
单 册:
中图分类: R179 , X956
科图分类:
主题词: 少年儿童--shao nian er tong--健康教育--高等学校--教材 , 少年儿童--shao nian er tong--安全教育--高等学校--教材
电子资源:
ISBN: 978-7-5684-0293-4
000 01148nam0 2200313 45
001 012001003081
005 20120101055236.0
010    @a978-7-5684-0293-4@dCNY49.80
099    @aCAL 012017021650
100    @a20160923d2016 em y0chiy50 ea
101 0  @achi
102    @aCN@b320000
105    @aak a 000yy
106    @ar
200 1  @a少年儿童健康与安全教育@Ashao nian er tong jian kang yu an quan jiao yu@f主编梁芳, 黄跃华, 徐新麟
210    @a镇江@c江苏大学出版社@d2018
215    @a366页@c图@d26cm
320    @a有书目 (第365-366页)
330    @a本书主要介绍了少年儿童健康与安全教育的相关知识, 共10章, 共具体内容包括: 少年儿童健康与安全教育概述、少年儿童的生理结构特点与卫生、少年儿童常见疾病的预防及治疗等。
333    @a普通高等教育“十三五”规划教材
606 0  @a少年儿童@Ashao nian er tong@x健康教育@x高等学校@j教材
606 0  @a少年儿童@Ashao nian er tong@x安全教育@x高等学校@j教材
690    @aR179@v5
690    @aX956@v5
701  0 @a梁芳@Aliang fang@4主编
701  0 @a黄跃华@Ahuang yue hua@4主编
701  0 @a徐新麟@Axu xin lin@4主编
801  2 @aCN@b北京卓展@c20191020
905    @b1210317-20@dR179@e278@f4
    
    少年儿童健康与安全教育/主编梁芳, 黄跃华, 徐新麟.-镇江:江苏大学出版社,2018
    366页:图;26cm
    使用对象:普通高等教育“十三五”规划教材
    
    ISBN 978-7-5684-0293-4:CNY49.80
    本书主要介绍了少年儿童健康与安全教育的相关知识, 共10章, 共具体内容包括: 少年儿童健康与安全教育概述、少年儿童的生理结构特点与卫生、少年儿童常见疾病的预防及治疗等。
●
相关链接 在E读中查询图书 在五车中查询图书 在当当中查询图书 在豆瓣中查询图书


正题名:少年儿童健康与安全教育     索取号:R179/278         预约/预借

序号 登录号 条形码 馆藏地/架位号 状态 备注
1 1210317   212103178   第二样本阅览室/ [索取号:R179/278] 在馆    
2 1210318   212103187   第三借阅区/ [索取号:R179/278] 在馆    
3 1210319   212103196   第三借阅区/ [索取号:R179/278] 在馆    
4 1210320   212103203   第三借阅区/ [索取号:R179/278] 在馆    
唐山师范学院图书馆 欢迎您!
大连网信软件有限公司© 版权所有